La Iglesia en España : (Record no. 111926)

MARC details
000 -LEADER
campo de control de longitud fija 00814cam a2200301L 4500
001 - NÚMERO DE CONTROL
campo de control 94002
005 - FECHA Y HORA DE LA ÚLTIMA TRANSACCIÓN
campo de control 20230411090052.0
008 - DATOS DE LONGITUD FIJA--INFORMACIÓN GENERAL
campo de control de longitud fija 091214s2008 sp 000 u spa d
035 ## - NÚMERO DE CONTROL DEL SISTEMA
Número de control de sistema (OCoLC)ocn488422087
040 ## - FUENTE DE CATALOGACIÓN
Centro catalogador/agencia de origen DKDLA
Lengua de catalogación dan
Centro/agencia transcriptor DKDLA
020 ## - NÚMERO INTERNACIONAL ESTÁNDAR DEL LIBRO
Número Internacional Estándar del Libro 8483078376
020 ## - NÚMERO INTERNACIONAL ESTÁNDAR DEL LIBRO
Número Internacional Estándar del Libro 9788483078372
029 0# - OTRO NÚMERO DE CONTROL DE SISTEMA (OCLC)
Identificador de la biblioteca OCLC DKDLA
Número de control de sistema 37304785
035 ## - NÚMERO DE CONTROL DEL SISTEMA
Número de control de sistema (OCoLC)488422087
043 ## - CÓDIGO DE ÁREA GEOGRÁFICA
Código de área geográfica e-po---
-- e-sp---
084 ## - OTRO NÚMERO DE CLASIFICACIÓN
Número de clasificación 282
Fuente del número z
049 ## - FONDOS LOCALES (OCLC)
Biblioteca depositaria GRAL
245 03 - MENCIÓN DEL TÍTULO
Título La Iglesia en España :
Resto del título 1975-2008 /
Mención de responsabilidad, etc. Alfredo Grimaldos Feito.
260 ## - PUBLICACIÓN, DISTRIBUCIÓN, ETC.
Lugar de publicación, distribución, etc. Barcelona :
Nombre del editor, distribuidor, etc. Península,
Fecha de publicación, distribución, etc. 2008.
300 ## - DESCRIPCIÓN FÍSICA
Extensión 350 s. ;
Dimensiones 23 cm.
490 1# - MENCIÓN DE SERIE
Mención de serie Atalaya ;
Designación de volumen o secuencia 325
500 ## - NOTA GENERAL
Nota general Undertitel på omslaget: 1977-2008.
700 1# - ENTRADA AGREGADA--NOMBRE PERSONAL
Nombre de persona Grimaldos, Alfredo,
Fechas asociadas al nombre 1956-.
830 #0 - PUNTO DE ACCESO ADICIONAL DE SERIE-TÍTULO UNIFORME
Título uniforme Atalaya ;
Designación de volumen o secuencia 325.
942 ## - ELEMENTOS DE ENTRADA SECUNDARIOS (KOHA)
Fuente del sistema de clasificación o colocación Clasificación de Library of Congress
Tipo de ítem Koha
994 ## -
-- C0
-- DRFGD
946 ## - PROCESAMIENTO DE INFORMACIÓN LOCAL (OCLC)
a YM
Holdings
Estatus retirado Estado de pérdida Fuente del sistema de clasificación o colocación Estado de daño No para préstamo Colección Biblioteca de origen Biblioteca actual Ubicación en estantería Fecha de adquisición Código de barras Visto por última vez Copia número Tipo de ítem Koha
    Clasificación de Library of Congress     Automatización y Procesos Técnicos Biblioteca Juan Bosch Biblioteca Juan Bosch Automatización y Procesos Técnicos (1er. Piso) 11/04/2023 00000086324 17/02/2019 1